Ekonomisty, davajte pogovorim po russki

Saved in:
Bibliographic Details
Main Author: Krčmová, Darina
Corporate Author: Ekonomická univerzita v Bratislave. Ústav jazykov
Format: Book
Language:Russian
Slovak
Published: Bratislava Ekonomická univerzita 1994
Edition:1. vyd.
Subjects:
Tags: Add Tag
No Tags, Be the first to tag this record!

MARC

LEADER 00000nam a2200000 4500
001 c005204
005 20221214074245.6
020 |a 80-225-0557-9 
041 0 |a rus 
041 0 |a slo 
044 |a SK 
245 1 0 |a Ekonomisty, davajte pogovorim po russki  |c Darina Krčmová 
250 |a 1. vyd. 
264 1 |a Bratislava  |b Ekonomická univerzita  |c 1994 
300 |a 111 s. 
610 2 0 |a jazykoveda 
610 2 0 |a jazyky cudzie 
610 2 0 |a terminológia 
100 1 |a Krčmová, Darina 
710 2 |a Ekonomická univerzita v Bratislave. Ústav jazykov